000
00264nam a2200133Ia 4500
100
_a
Kaner/Peter
942
_c
BK
654
_a
Metric
245
_a
Modern World Mathematics
260
_b
Longman
_c
2001
082
_a
510
_b
KAN
546
_a
ENGLISH
999
_c
26225
_d
26225